Heartless - Kanye West - All Lyrics - Statistics

General Stats
  • This quiz has been taken 1,197 times
  • The average score is 361 of 462
Answer Stats
Answer % Correct
a
100%
He
100%
hear
100%
I
99%
Oh,
99%
so
99%
So
99%
heartless
98%
heartless?
98%
Ayo,
97%
the
97%
The
97%
to
97%
yo?
97%
yo
97%
be
96%
In
96%
in
96%
you
96%
You
96%
night,
95%
night
95%
Cold
94%
cold
94%
could
94%
ever
94%
How
94%
how
94%
(How,
94%
how?)
94%
me
93%
me,
93%
(Me)
93%
story
93%
told
93%
woman
92%
coldest
91%
'em
91%
'em
90%
some
90%
talk
90%
Talk
90%
far
88%
his
88%
soul
88%
this
88%
along
87%
lost
87%
road
87%
Somewhere
85%
do
82%
know
80%
know,
80%
don't
77%
that
77%
And
76%
and
76%
and,
76%
go
75%
then
75%
we
73%
when
72%
AM
71%
it
71%
of
68%
what
68%
see
64%
your
64%
got
63%
thing
63%
friend,
62%
been
61%
better
61%
They
61%
they
61%
as
60%
gon'
60%
Just
60%
just
60%
on
60%
On
60%
talkin'
60%
Dr.
59%
Evil?
59%
all
58%
but
58%
But
58%
never
58%
than
58%
through
58%
You’re
58%
you're
58%
find
57%
Homie,
57%
she
57%
things
57%
winter
57%
into
56%
new
54%
say
54%
fo'?
53%
hot
53%
out
53%
at
52%
did
52%
friends
52%
leavin'
52%
lonely
52%
nobody
52%
old
52%
tell
52%
that's
52%
breeze,
51%
end,
51%
side
51%
still
51%
Why
51%
wind
51%
You’ll
51%
'bout
50%
after
49%
bringin'
49%
it's
49%
like
49%
mean,
49%
up
49%
homies
48%
mad
48%
my
48%
off
47%
way
47%
3
46%
ain't
46%
can't
46%
couple
46%
remember
46%
Baby,
45%
months,
45%
she's
45%
wait
45%
enemies
44%
I’m
44%
somethin'
44%
though
44%
phone?
43%
walk
43%
watch
43%
well,
43%
already
42%
around
42%
hatin'
42%
keep
42%
let's
42%
run
42%
now
41%
groove
39%
knock
39%
leave
39%
right
39%
show
39%
take
39%
tonight
39%
won't
39%
mess
38%
need
38%
‘Cause
37%
make
37%
stop,
36%
wasn't
36%
believe
35%
speak
34%
wrong
34%
get
32%
wanna
32%
back
29%
decided
28%
No matching quizzes found
Score Distribution
Percent of People with Each Score
Percentile by Number Answered
Your Score History
You have not taken this quiz